000 00371nam a2200145Ia 4500
005 20251222153533.0
008 251222s9999||||xx |||||||||||||| ||spa||
020 _a9788445413999
082 _a657.61/P44
100 _aPérez , Ángel Alfonso
245 0 _aCasos Prácticos del Nuevo Plan General de Contabilidad
250 _a3ra. ed.
264 _bCEF
942 _cLIB
999 _c30172
_d30172